KOHA-Header-6

Practice And Progress An Integrated (Record no. 8218)

000 -LEADER
fixed length control field 00252nam a2200109Ia 4500
020 ## - INTERNATIONAL STANDARD BOOK NUMBER
ISBN 0-582-52330-3
100 ## - MAIN ENTRY--AUTHOR NAME
Personal name L.G. Alexander
245 #0 - TITLE STATEMENT
Title Practice And Progress An Integrated
260 ## - PUBLICATION, DISTRIBUTION, ETC. (IMPRINT)
Place of publication England
Name of publisher Prentice Hall
Year of publication 2000
300 ## - PHYSICAL DESCRIPTION
Number of Pages 693
942 ## - ADDED ENTRY ELEMENTS (KOHA)
Koha item type Books
Holdings
Withdrawn status Lost status Collection code Permanent Location Current Location Shelving location Date acquired Full call number Accession Number Koha item type
    English Literature MAJU MAJU Shelf No.A14 2019-09-13 005.133 2783 English Literature

Powered by Koha